000 00496nam a2200193Ia 4500
005 20250923150218.0
008 008 250917s9999 xx 000 0 eng d
037 _aTextual
040 _aDSWL
_beng
_cDSWL
041 _aeng
_2eng
084 _qDSWL
245 4 _aThe Field Worker & the Field
_cEd.by Mn Srinivas
260 _aNew Delhi
_b Oxford Univ Press
_c2006
300 _a288 p.
365 _aINR
_b295 .0
925 _g295 .0
942 _cTEXL
999 _c1460852
_d1460852